Catholic University of Zimbabwe Library
Online Public Access Catalogue
(OPAC)

A student's guide to Capital gains tax (Record no. 15382)

MARC details
000 -LEADER
fixed length control field 00263nam a2200109Ia 4500
008 - FIXED-LENGTH DATA ELEMENTS--GENERAL INFORMATION
fixed length control field 191206s9999 xx 000 0 und d
090 ## -
-- KKH3623.A28
245 #2 - TITLE STATEMENT
Title A student's guide to Capital gains tax
250 ## - EDITION STATEMENT
Edition statement 2007 ed.
260 ## - PUBLICATION, DISTRIBUTION, ETC.
Place of publication, distribution, etc. Humewood
260 ## - PUBLICATION, DISTRIBUTION, ETC.
Date of publication, distribution, etc. c2006
Holdings
Withdrawn status Lost status Source of classification or shelving scheme Damaged status Not for loan Home library Current library Date acquired Total Checkouts Full call number Barcode Date last seen Price effective from Koha item type
          CUZ Bulawayo Campus CUZ Bulawayo Campus 06.12.2019   KKH3623.A28 BBK000054 06.12.2019 06.12.2019 OS Book

OPENING HOURS

Weekdays: 0815hrs - 1800hrs
Weekends:0900hrs - 1200hrs

Closed for Mass:

Mon, Thur: 1200hrs - 1300hrs
Sunday & Public Holiday’s

CALL SUPPORT

0242-570570, 0242-570169
09200664, +263 8644140602

LOCATION

18443, Cranborne Avenue, Hatfield, Harare

Other Links


©2021 | CUZ Library